000 00952nam a22003017a 4500
003 URS
005 20240716195721.0
008 240608t2020 si ||||| |||| 00| 0 eng d
020 _a9789814878456
040 _aDLC
_beng
_cDLC
_dDLC
_dURS
_erda
082 _a658.5
_bC6903 2020
100 _aCollier, David Alan
245 _aOperations Management and Total Quality Management:
_cDavid Alan Collier, James Evans, William Lindsay.
264 _aSingapore
_bCengage Learning Asia Pte Ltd.
_c2020
300 _aiv, 697 pages;
_c25 cm.
336 _2rdacontent
_atext
_btxt
337 _2rdamedia
_aunmediated
_bn
338 _2rdacarrier
_avolume
_bnc
504 _aIncludes appendix and index.
650 _aProduction management
650 _aOperations management
650 _aTotal quality management
650 _aQuality control
650 _aBusiness processes
700 _aEvans, James
700 _aLindsay, William
942 _2ddc
_cFR
999 _c80550
_d80549